The Low Of Torts/ (Record no. 167366)

MARC details
000 -LEADER
fixed length control field 00681nam a22002057a 4500
005 - DATE AND TIME OF LATEST TRANSACTION
control field 20220217150645.0
010 ## - LCCN (DPL NO)
LC control number ENG-126363
020 ## - INTERNATIONAL STANDARD BOOK NUMBER
International Standard Book Number 978-93-8854-840-3
Terms of availability 850.00
035 ## - SYSTEM CONTROL NUMBER
System control number EN-109895
037 ## - SOURCE OF ACQUISITION
Source of stock number/acquisition DBAD/PUB
082 ## - DEWEY DECIMAL CLASSIFICATION NUMBER
Classification number 346.03
100 ## - MAIN ENTRY--PERSONAL NAME
Personal name Ratanlal & Dhirajlal
245 ## - TITLE STATEMENT
Title The Low Of Torts/
Statement of responsibility, etc by Ratanlal & Dhirajlal
250 ## - EDITION STATEMENT
Edition statement 28th
260 ## - PUBLICATION, DISTRIBUTION, ETC. (IMPRINT)
Name of publisher, distributor, etc Published By LexisNexis
Date of publication, distribution, etc 2019
Place of publication, distribution, etc Gurgaon
270 ## - ADDRESS
Address 14th Floor,Bulding No.10, Tower-B,DLF Cyber City, Phase-ll,
City Gurgaon
Postal code 122002
Telephone number 011-1244774444
Electronic mail address help.in@lexisnexis.com
Fax number 011-1244774100
300 ## - PHYSICAL DESCRIPTION
Extent ccx848p.
Dimensions 24cm(pbk)
700 ## - ADDED ENTRY--PERSONAL NAME
Personal name Ed. by Sapre,Akshay
942 ## - ADDED ENTRY ELEMENTS (KOHA)
Source of classification or shelving scheme Dewey Decimal Classification
Item type English Books
Classification part 346.03
Call number suffix LAW

No items available.


© Delhi Public Library
Hit Counter
free hit counter